Investigación sobre momentos torsores y dimensionamiento en vigas marginales.

Uloženo v:
Podrobná bibliografie
Hlavní autor: Chavarría A, Elias
Médium: Neznámo
Vydáno: [San José, Costa Rica] 1964
Témata:
Tagy: Přidat tag
Žádné tagy, Buďte první, kdo vytvoří štítek k tomuto záznamu!

MARC

LEADER 00000 a2200000 4500
003 011162
005 20221231143810.0
008 140114s1964 c a m 000 ||s d
040 |c cru CEDI 
090 |a TFG 196 
100 |a Chavarría A, Elias  |9 17502 
245 |a Investigación sobre momentos torsores y dimensionamiento en vigas marginales. 
260 |c 1964  |a  [San José, Costa Rica] 
300 |a 104 hojas : ilustraciones, gráficos ; 27 cm  
500 |a  Tesis (Ingeniero Civil) Universidad de Costa Rica.  
650 |x VIGAS  |9 17503 
942 |c TFG 
999 |c 12148  |d 12148